000 00534nam a22002057a 4500
005 20230411162339.0
008 230411b ||||| |||| 00| 0 eng d
040 _cAL
041 _aEnglish
082 _223
_a311/129
_bMOHT
100 _aRaj Mohan
_986542
245 _aText Book of Statistics
260 _aUdupi
_bBenaka Books
_c1998
300 _a271 p.
_bPB
_c21.5x14 cm.
440 _aVolume 1
_986543
650 _aStatistics
_986544
650 _aFirst Year PUC
_986545
700 _aMOHAN (Raj)
_986546
942 _2ddc
_cDB
999 _c227169
_d227169